000 00604nam a2200193Ia 4500
005 20250923145342.0
008 008 250917s9999 xx 000 0 eng d
037 _aTextual
040 _aDSWL
_beng
_cDSWL
041 _aeng
_2eng
084 _aY:f.1(Y:434), N76
_qDSWL
100 _aHursh-Cesar, G.
_9834385
245 0 _aThird world suveys: Survey Research in Developing Nations
_c by G.Hursh-Cesar
260 _aDelhi
_bMacmillan Co. of India Ltd.
_c1976
300 _ax,468p.
700 _a P. Roy
_9834386
942 _cTEXL
_hY:f.1(Y:434), N76
999 _c1450338
_d1450338